000 00813nam a2200229 i 4500
001 bg
100 1 _aZAMOROWSKA-BIERNACIK, Stefania
245 1 0 _aMikrobiologiczne wytwarzanie białka z metanolu /
_cStefania Zamorowska-Biernacik, Włodzimierz Kotowski.
260 _aOpole :
_bWSI,
_c1992.
300 _a105 s. :
_b1 fot., rys., wykr. ;
_c24 cm.
490 1 _a(Studia i Monografie / Wyższa Szkoła Inżynierska w Opolu,
_x0239-5991 ;
_vz. 60)
504 _aBibliogr. s. 99-102.
650 9 _aMikrobiologia
700 1 _aKOTOWSKI, Włodzimierz
710 _aWYŻSZA SZKOŁA INŻYNIERSKA (Opole)
830 0 _a(Studia i Monografie (Wyższa Szkoła Inżynierska w Opolu) ;
_vz. 60)
040 _cBPK
041 0 _apl
080 _a663.1:579.6
942 _cKS
008 s pl f |000 0 pol
999 _c30025
_d30025
856 _uhttp://koha.tu.koszalin.pl/cgi-bin/koha/opac-detail.pl?biblionumber=30025
_yKatalog online BPK